| 000 | 00448nam a2200145Ia 4500 | ||
|---|---|---|---|
| 008 | 230917s9999||||xx |||||||||||||| ||und|| | ||
| 040 |
_e176295 _aMAIN |
||
| 041 | _aEnglish | ||
| 082 | _a891.432741 SK25H | ||
| 100 | _aशत्रुधन कुमार | ||
| 245 | 0 | _aहिस्से की रोटी | |
| 260 |
_aगाजियाबाद _bसाहित्यिक संस्थान _c2001 |
||
| 300 | _a184 p. | ||
| 942 | _cHN | ||
| 999 |
_c114386 _d114386 |
||